<?xml version="1.0" encoding="UTF-8"?>
<record
    xmlns:xsi="http://www.w3.org/2001/XMLSchema-instance"
    xsi:schemaLocation="http://www.loc.gov/MARC21/slim http://www.loc.gov/standards/marcxml/schema/MARC21slim.xsd"
    xmlns="http://www.loc.gov/MARC21/slim">

  <leader>03289cam a22004098i 4500</leader>
  <controlfield tag="001">22848268</controlfield>
  <controlfield tag="003">CSPC</controlfield>
  <controlfield tag="005">20250806143137.0</controlfield>
  <controlfield tag="008">221101s2023    nju      b    001 0 eng  </controlfield>
  <datafield tag="010" ind1=" " ind2=" ">
    <subfield code="a">  2022052813</subfield>
  </datafield>
  <datafield tag="020" ind1=" " ind2=" ">
    <subfield code="a">9781119897743</subfield>
    <subfield code="q">(paperback)</subfield>
  </datafield>
  <datafield tag="035" ind1=" " ind2=" ">
    <subfield code="a">22848268</subfield>
  </datafield>
  <datafield tag="040" ind1=" " ind2=" ">
    <subfield code="a">DLC</subfield>
    <subfield code="b">eng</subfield>
    <subfield code="e">rda</subfield>
    <subfield code="c">DLC</subfield>
    <subfield code="d">DLC</subfield>
    <subfield code="d">CSPC</subfield>
  </datafield>
  <datafield tag="042" ind1=" " ind2=" ">
    <subfield code="a">pcc</subfield>
  </datafield>
  <datafield tag="050" ind1="0" ind2="0">
    <subfield code="a">NK2114</subfield>
    <subfield code="b">.C59 2023</subfield>
  </datafield>
  <datafield tag="082" ind1="0" ind2="0">
    <subfield code="a">747.028553</subfield>
    <subfield code="b">C615s</subfield>
    <subfield code="2">23/eng/20221116</subfield>
  </datafield>
  <datafield tag="100" ind1="1" ind2=" ">
    <subfield code="a">Cline, Lydia Sloan,</subfield>
    <subfield code="e">author.</subfield>
  </datafield>
  <datafield tag="245" ind1="1" ind2="0">
    <subfield code="a">SketchUp for interior design :</subfield>
    <subfield code="b">3D visualizing, designing, and space planning /</subfield>
    <subfield code="c">Lydia Sloan Cline.</subfield>
  </datafield>
  <datafield tag="250" ind1=" " ind2=" ">
    <subfield code="a">Second edition.</subfield>
  </datafield>
  <datafield tag="263" ind1=" " ind2=" ">
    <subfield code="a">2302</subfield>
  </datafield>
  <datafield tag="264" ind1=" " ind2="1">
    <subfield code="a">Hoboken, New Jersey :</subfield>
    <subfield code="b">John Wiley &amp; Sons, Inc.,</subfield>
    <subfield code="c">2023.</subfield>
  </datafield>
  <datafield tag="300" ind1=" " ind2=" ">
    <subfield code="a">xiii, 283 pages :</subfield>
    <subfield code="b">illustrations ;</subfield>
    <subfield code="c">23 cm.</subfield>
  </datafield>
  <datafield tag="336" ind1=" " ind2=" ">
    <subfield code="a">text</subfield>
    <subfield code="b">txt</subfield>
    <subfield code="2">rdacontent</subfield>
  </datafield>
  <datafield tag="337" ind1=" " ind2=" ">
    <subfield code="a">unmediated</subfield>
    <subfield code="b">n</subfield>
    <subfield code="2">rdamedia</subfield>
  </datafield>
  <datafield tag="338" ind1=" " ind2=" ">
    <subfield code="a">volume</subfield>
    <subfield code="b">nc</subfield>
    <subfield code="2">rdacarrier</subfield>
  </datafield>
  <datafield tag="504" ind1=" " ind2=" ">
    <subfield code="a">Includes bibliographical references and index.</subfield>
  </datafield>
  <datafield tag="505" ind1="0" ind2=" ">
    <subfield code="a">What is sketchUp and how do interior designers use it? -- Getting started -- Exploring the interface -- Modeling furniture -- Drafting, modeling, and furnishing a floor plan -- Model a two-story interior -- Painting with colors, materials, and match photo -- Enhancing and presenting the model -- Extensions -- Construction documentation with layout.</subfield>
  </datafield>
  <datafield tag="520" ind1=" " ind2=" ">
    <subfield code="a">"Widely used by architects and landscape architects, SketchUp became a valuable tool for interior designers as well over the past decade, leading to the success of the first edition of this book. SketchUp for Interior Design is a practical introduction for interior designers and students who want to learn to use the software for design and modeling. The book covers the basics of creating 3D models and space plans, model furniture, cabinetry, and accessories. It explores how to experiment with colors and materials, incorporate manufacturers' models into project plans, and create final presentations and animated walk-throughs for clients. This revised edition focuses on the professional version of SketchUp, now priced as a subscription to be accessible to anyone from students to professionals. The book includes a new chapter on LayOut for 2D graphics, new features of Component and Extension Warehouses, and updates throughout to include the latest tools and functions built into SketchUp. Each chapter includes clear explanations and helpful illustrations to make this an ideal introduction to the topic, with questions woven into the content for students or self-learners to test their understanding. Videos available on a companion site show step-by-step instructions for using many of the features described in the book"--</subfield>
    <subfield code="c">Provided by publisher.</subfield>
  </datafield>
  <datafield tag="630" ind1="0" ind2="0">
    <subfield code="a">SketchUp.</subfield>
  </datafield>
  <datafield tag="650" ind1=" " ind2="0">
    <subfield code="a">Interior decoration</subfield>
    <subfield code="x">Computer-aided design.</subfield>
  </datafield>
  <datafield tag="650" ind1=" " ind2="0">
    <subfield code="a">Interior architecture</subfield>
    <subfield code="x">Computer-aided design.</subfield>
  </datafield>
  <datafield tag="776" ind1="0" ind2="8">
    <subfield code="i">Online version:</subfield>
    <subfield code="a">Cline, Lydia Sloan.</subfield>
    <subfield code="t">SketchUp for interior design.</subfield>
    <subfield code="b">[Second edition]</subfield>
    <subfield code="d">Hoboken, New Jersey : Wiley, [2023]</subfield>
    <subfield code="z">9781119897804</subfield>
    <subfield code="w">(DLC) 2022052814</subfield>
  </datafield>
  <datafield tag="906" ind1=" " ind2=" ">
    <subfield code="a">7</subfield>
    <subfield code="b">cbc</subfield>
    <subfield code="c">orignew</subfield>
    <subfield code="d">1</subfield>
    <subfield code="e">ecip</subfield>
    <subfield code="f">20</subfield>
    <subfield code="g">y-gencatlg</subfield>
  </datafield>
  <datafield tag="942" ind1=" " ind2=" ">
    <subfield code="2">ddc</subfield>
    <subfield code="c">BK</subfield>
    <subfield code="e">23</subfield>
    <subfield code="h">747.028553</subfield>
    <subfield code="i">C615s</subfield>
    <subfield code="k">ENG</subfield>
    <subfield code="m">2023</subfield>
    <subfield code="n">0</subfield>
  </datafield>
  <datafield tag="952" ind1=" " ind2=" ">
    <subfield code="0">0</subfield>
    <subfield code="1">0</subfield>
    <subfield code="2">ddc</subfield>
    <subfield code="4">0</subfield>
    <subfield code="7">0</subfield>
    <subfield code="a">CSPC</subfield>
    <subfield code="b">CSPC</subfield>
    <subfield code="c">ENG</subfield>
    <subfield code="d">2025-08-06</subfield>
    <subfield code="l">0</subfield>
    <subfield code="o">ENG 747.028553 C615s 2023</subfield>
    <subfield code="p">029902</subfield>
    <subfield code="r">2025-08-06 14:32:03</subfield>
    <subfield code="t">1-1</subfield>
    <subfield code="w">2025-08-06</subfield>
    <subfield code="y">BK</subfield>
  </datafield>
  <datafield tag="999" ind1=" " ind2=" ">
    <subfield code="c">29900</subfield>
    <subfield code="d">29900</subfield>
  </datafield>
</record>
